|
|
|
|
| LEADER |
00000nam a2200000Ii 4500 |
| 001 |
DIGUNAU0038 |
| 003 |
NyNyDIG |
| 006 |
m o d |
| 007 |
cr ||||||||||| |
| 008 |
140301s2012 ck a ob 001 0 spa d |
| 020 |
|
|
|z 9789588366548
|
| 020 |
|
|
|z 9588366542
|
| 035 |
|
|
|a (OCoLC)888247537
|
| 040 |
|
|
|a DGITA
|b eng
|e pn
|c DGITA
|
| 050 |
1 |
4 |
|a D16.8eBook
|
| 100 |
1 |
|
|a Restrepo Arango, Luis Antonio,
|d 1938-
|
| 245 |
1 |
0 |
|a Pensar la historia /
|c Luis Antonio Restrepo A.
|
| 250 |
|
|
|a 1. ed.
|
| 264 |
|
1 |
|a Medellín, Colombia :
|b Ediciones Universidad Autónoma Latinoamericana (UNAULA),
|c 2012.
|
| 300 |
|
|
|a 1 online resource (230 pages)
|
| 336 |
|
|
|a text
|b txt
|2 rdacontent
|
| 337 |
|
|
|a computer
|b c
|2 rdamedia
|
| 338 |
|
|
|a online resource
|b cr
|2 rdacarrier
|
| 490 |
1 |
|
|a Pensamiento latinoamericano.
|
| 500 |
|
|
|a First published: Medellín : Editorial Percepción, 1987; 2nd ed. Medellin : Ediciones Stendhal, 2000.
|
| 504 |
|
|
|a Includes bibliographical references (p. 219-230).
|
| 505 |
0 |
|
|a Prólogo a la edición de 2012 -- Prólogo a La segunda edición -- Marx: la historia y la filosofía -- Una lectura de la segunda consideración intempestiva de Nietzsche -- Crítica de lo sideales en Humano, demasiado humano -- Michael Foucalt: la genealogía y la historia -- Louis Althusser: filosofía y marxismo -- El juicio de Galileo -- Índice onomástico - Bibliografía.
|
| 650 |
|
0 |
|a History
|x Philosophy.
|
| 655 |
|
0 |
|a Electronic books.
|
| 791 |
2 |
|
|a Digitalia (Firm),
|e distributor.
|
| 830 |
|
0 |
|a Pensamiento latinoamericano (Medellín, Colombia)
|
| 793 |
0 |
|
|g Digitalia eBook Collection:
|a Ediciones UNAULA.
|
| 856 |
4 |
0 |
|3 Digitalia Hispánica
|u https://www.digitaliapublishing.com/a/19815/
|
| 910 |
|
|
|a Premium Collection: 2007-2012
|